| 000 | 00610nam a2200241Ia 4500 | ||
|---|---|---|---|
| 003 | OSt | ||
| 005 | 20221005130211.0 | ||
| 006 | a|||||r|||| 00| 0 | ||
| 007 | ta | ||
| 008 | 221004b |||||||| |||| 00| 0 tam d | ||
| 024 | _a48444 | ||
| 037 | _cTextual | ||
| 040 |
_aCRL _cCRL _btam |
||
| 041 |
_2tam _atam |
||
| 082 | _aO31,1G50,1, 32G2 | ||
| 100 |
_aSastri K.Sambasiva Ed. _963282 |
||
| 245 | 0 | _aRamacarita | |
| 260 | _c1932 | ||
| 300 |
_a366p. _ccm. |
||
| 650 | _aTAMIL LANGUAGE | ||
| 942 |
_hO31,1G50,1, 32G2 _cTEXL _2cc |
||
| 999 |
_c1056406 _d1056406 |
||